Trans/est /

שמור ב:
מידע ביבליוגרפי
Main Authors: Brolli, Daniele (Author), Baldazzini, Roberto (Author)
פורמט: ספר
שפה:ללא תוכן לשוני
יצא לאור: Bologna : Phoenix, \1994!
סדרה:Vamp
תגים: הוספת תג
אין תגיות, היה/י הראשונ/ה לתייג את הרשומה!

MARC

LEADER 00000nam a22000007i 4500
001 IT\ICCU\CFI\0304363
003 ItRI
005 20260115231947.0
008 950925s1994 it |||||| ||||| |||||c
020 |a 8886435010 
040 |b ita  |c importazione bologna sebina 
041 7 |a zxx  |2 ISO-639-2 
100 1 |a Brolli, Daniele  |0 IT\ICCU\CFIV\131782  |4 aut 
245 1 0 |a Trans/est /  |c Brolli & Baldazzini ; prefazione di Daniele Luttazzi. 
260 |a Bologna :  |b Phoenix,  |c \1994! 
300 |a 70 p. :  |b in gran parte ill. ;  |c 28 cm 
500 |a Nell'occhietto: Le avventure di Marta. 
700 1 |a Baldazzini, Roberto  |0 IT\ICCU\BVEV\006702  |4 aut 
830 0 |a Vamp  |0 IT\ICCU\CFI\0304364 
942 |2 ddc  |c BK  |n 0 
952 |0 0  |1 0  |4 0  |6 F_741_594000000000000_BRO  |7 0  |9 17875  |a BO  |b BO  |d 2026-01-15  |i 13040  |l 0  |o F 741.594 BRO  |p BO13040  |r 2026-01-15 23:19:47  |w 2026-01-15  |x [Sebina 5] [1 v.]  |y BK  |z 1 v. 
999 |c 15200  |d 15200